| 000 | 00386nam a2200133Ia 4500 | ||
|---|---|---|---|
| 008 | 220217s9999||||xx |||||||||||||| ||und|| | ||
| 020 | _a9788131207383 | ||
| 082 | _a621.042 MUR | ||
| 100 |
_aMurphy, W.R and McKay, G _910192 |
||
| 245 | 0 | _aEnergy management | |
| 260 |
_aElsevier Academic press _bNew Delhi _c2016 |
||
| 300 |
_aIX, 374p. _b850 |
||
| 650 |
_aEnergy Engineering _913074 |
||
| 999 |
_c188473 _d188473 |
||